Datum a čas kvízu
24
Celkem bodů
Celkový počet nahraných bodů na tomto kvízu bez doplňovacích otázek.
6.
Pořadí na kvízu
Konečné umístění týmu na tomto kvízu.
Zaznamenané odpovědi
| # | Otázka | Odpověď | Body | Výsledky |
|---|---|---|---|---|
| 1. | Ve středu padla společnost Boh... | Pavel Liška, Marek Daniel | 0.5 | |
| 2. | Ve stínu událostí českých parl... | Ministr zahraničí. | 0 | |
| 3. | Nakladatelství DC Comics, kter... | Superman | 1 | |
| 4. | Francouzský deník Le Figaro zv... | mozzarella | 0 | |
| 5. | Jak se jmenuje desetiletý ryzá... | Talent | 0 | |
| 6. | Pokřín obecný je rostlina, kte... | mandragora | 0 | |
| 7. | Asa smrdutá je asijská rostlin... | čertovo lejno | 0 | |
| 8. | Vigna zlatá je rostlina z čele... | mungo | 0 | |
| 9. | Ledvinovník západní je tropick... | oříšky kešu | 0 | |
| 10. | Kterým slovem na S obecně ozna... | sukulenty | 1 |